000 00726nam a2200229 i 4500
001 bgj
100 1 _aRADLEY, Paul
245 1 0 _aHorizons :
_bteacher's book : podręcznik dla liceum ogólnokształcącego, liceum profilowanego oraz technikum /
_cPaul Radley [et al.].
260 _aOxford :
_bOxford University Press,
_c2004.
300 _a103 pp ;
_c30 cm.
650 9 _aEnglish language
655 _aTextbooks for foreigners
700 1 _aSIMONS, Daniela.
_eco-author
700 1 _aWIERUSZEWSKA, Małgorzata.
_eco-author
700 1 _aHILL, David A.
_eco-author
020 _a0194388956
040 _cBPK
041 0 _aeng
920 _a0-19-438895-6
942 _cKS
008 s uk f |000 0 eng
999 _c48977
_d48977